[Event "American Continental 19th"]
[Site "Foz do Iguacu"]
[Date "2025.05.27"]
[Round "7"]
[White "Henriquez Villagra, Cristobal"]
[Black "Villanueva, Mario Nicolas"]
[Result "1-0"]
[WhiteElo "2597"]
[BlackElo "2454"]
[PlyCount "37"]
[EventDate "2025.05.23"]
[EventType "swiss"]
[EventRounds "11"]
[EventCountry "BRA"]
[SourceTitle "CB23_2025"]
[SourceDate "2025.06.04"]
[SourceVersion "1"]
[SourceVersionDate "2025.06.04"]
[SourceQuality "1"]

1. d4 d5 2. c4 e6 3. Nc3 Nf6 4. cxd5 exd5 5. Bg5 Be7 6. e3 h6 7. Bh4 Bg4 8. Nf3 0-0 9. h3 Bxf3 10. Qxf3 Nbd7 11. Bd3 c6 12. Rc1 Re8 13. Bg3 Nf8 14. 0-0 a5 15. Rc2 Bd6 16. Bh4 Be7 17. Rd1 N6h7 18. Bg3 Bd6 19. h4 1-0

[Event "Mar de Ajo op 6th"]
[Site "Mar de Ajo"]
[Date "2024.11.10"]
[Round "6"]
[White "Tomeo, Ivan"]
[Black "Villanueva, Mario Nicolas"]
[Result "0-1"]
[WhiteElo "2290"]
[BlackElo "2451"]
[PlyCount "68"]
[EventDate "2024.11.08"]
[EventType "swiss"]
[EventRounds "6"]
[EventCountry "ARG"]
[SourceTitle "CB45_2024"]
[Source "ChessBase"]
[SourceDate "2024.11.06"]
[SourceVersion "1"]
[SourceVersionDate "2024.11.06"]
[SourceQuality "1"]

1. e4 e6 2. d4 d5 3. Nc3 Nf6 4. Bg5 dxe4 5. Nxe4 Nbd7 6. Bxf6 Nxf6 7. Nxf6+ Qxf6 8. Nf3 Bd6 9. Bd3 Bd7 10. Qe2 0-0-0 11. 0-0-0 Qf4+ 12. Qe3 Bc6 13. Be2 g5 14. Qxf4 Bxf4+ 15. Kb1 g4 16. Ne5 Bxe5 17. dxe5 Bxg2 18. Rhg1 Bh3 19. Rd3 Rhg8 20. Kc1 h5 21. Kd2 Rxd3+ 22. cxd3 Rg5 23. f4 Rg8 24. Ke3 Kd7 25. d4 Ke7 26. f5 exf5 27. Kf4 f6 28. Bd3 Rd8 29. Kxf5 Rxd4 30. exf6+ Kf7 31. Be4 g3+ 32. Ke5 Rxe4+ 33. Kxe4 gxh2 34. Rc1 h1Q+ 0-1

[Event "La Cruz op 1st"]
[Site "La Cruz"]
[Date "2024.10.30"]
[Round "3"]
[White "Arancibia Guzman, Eduardo"]
[Black "Villanueva, Mario Nicolas"]
[Result "1/2-1/2"]
[WhiteElo "2340"]
[BlackElo "2458"]
[PlyCount "59"]
[EventDate "2024.10.29"]
[EventType "swiss"]
[EventRounds "9"]
[EventCountry "CHI"]
[SourceTitle "CB45_2024"]
[Source "ChessBase"]
[SourceDate "2024.11.06"]
[SourceVersion "1"]
[SourceVersionDate "2024.11.06"]
[SourceQuality "1"]

1. d4 d5 2. c4 e6 3. Nf3 Nf6 4. g3 Bb4+ 5. Bd2 Be7 6. Bg2 0-0 7. 0-0 c6 8. Qc2 a5 9. Bg5 Nbd7 10. Nbd2 h6 11. Bxf6 Nxf6 12. Ne5 a4 13. Rfd1 Qa5 14. Rac1 Rd8 15. e4 Bb4 16. f3 c5 17. cxd5 cxd4 18. Ndc4 Qa7 19. Nd3 Bf8 20. Na3 Bd7 21. Qf2 Rac8 22. Nc2 exd5 23. e5 Ne8 24. Nxd4 Nc7 25. f4 Ne6 26. Nxe6 Qxf2+ 27. Kxf2 Bxe6 28. Rxc8 Rxc8 29. Rc1 Rc4 30. b3 1/2-1/2

[Event "ARG-chT"]
[Site "Villa Martelli"]
[Date "2024.09.15"]
[Round "4.1"]
[White "Villanueva, Mario Nicolas"]
[Black "Sorin, Ariel"]
[Result "1-0"]
[WhiteElo "2458"]
[BlackElo "2317"]
[PlyCount "83"]
[EventDate "2024.08.31"]
[EventType "team-swiss"]
[EventRounds "8"]
[EventCountry "ARG"]
[SourceTitle "EXT 2025"]
[Source "ChessBase"]
[SourceDate "2024.10.14"]
[SourceVersion "1"]
[SourceVersionDate "2024.10.14"]
[SourceQuality "1"]
[WhiteTeam "Republica Martelli"]
[BlackTeam "Torre Blanca"]
[WhiteTeamCountry "ARG"]
[BlackTeamCountry "ARG"]

1. e4 e5 2. Nf3 Nc6 3. Bc4 Bc5 4. 0-0 Nf6 5. d3 d6 6. c3 Bb6 7. Re1 h6 8. a4 0-0 9. h3 Re8 10. Nbd2 Nh5 11. b4 a6 12. Nf1 Qf6 13. Be3 Nf4 14. Bxb6 cxb6 15. Ne3 Ne7 16. Kh2 Bd7 17. Ng4 Qg6 18. g3 Ne6 19. Ra2 Ng5 20. Nh4 Qh7 21. f4 exf4 22. gxf4 Nxh3 23. Rg2 Kf8 24. Qf3 d5 25. Ne5 Be6 26. exd5 Ng5 27. fxg5 hxg5 28. dxe6 Qxh4+ 29. Qh3 Qxh3+ 30. Kxh3 f6 31. Nd7+ Kg8 32. Nxb6 Rad8 33. d4 g6 34. Kg4 Kg7 35. Rh2 Rh8 36. Reh1 Rxh2 37. Rxh2 Nf5 38. Bd3 Nxd4 39. e7 f5+ 40. Kg3 Re8 41. cxd4 Rxe7 42. Re2 1-0

[Event "Mercosur Cup 25th"]
[Site "Buenos Aires"]
[Date "2023.11.17"]
[Round "5"]
[White "Villanueva, Mario Nicolas"]
[Black "Romero Barreto, Jaime Jose"]
[Result "1/2-1/2"]
[WhiteElo "2460"]
[BlackElo "2334"]
[PlyCount "169"]
[EventDate "2023.11.13"]
[EventType "tourn"]
[EventRounds "9"]
[EventCountry "ARG"]
[EventCategory "7"]
[SourceTitle "EXT 2025"]
[Source "ChessBase"]
[SourceDate "2024.10.14"]
[SourceVersion "1"]
[SourceVersionDate "2024.10.14"]
[SourceQuality "1"]

1. e4 e5 2. Nf3 Nc6 3. Bc4 Bc5 4. d3 Nf6 5. 0-0 h6 6. a4 a6 7. Be3 d6 8. Nbd2 0-0 9. h3 Bxe3 10. fxe3 Be6 11. Bxe6 fxe6 12. c3 Nd7 13. Qb3 Nc5 14. Qc2 Qe7 15. d4 Nd7 16. Qb3 Rab8 17. Rf2 Kh7 18. Raf1 Rf6 19. Qc4 Nb6 20. Qa2 Rbf8 21. b4 exd4 22. exd4 e5 23. Qc2 g6 24. d5 Nd8 25. c4 Nd7 26. Nb3 Rf4 27. g3 R4f7 28. c5 Nf6 29. Kg2 Qd7 30. Nbd2 g5 31. Nc4 Kg8 32. Nh2 Ne8 33. Ng4 Rxf2+ 34. Rxf2 Rxf2+ 35. Kxf2 Nf7 36. cxd6 cxd6 37. Nb6 Qd8 38. a5 Nf6 39. Ne3 Nd7 40. Qc8 Nxb6 41. Qxd8+ Nxd8 42. axb6 Nf7 43. Nc4 Kg7 44. Na5 Nd8 45. Ke3 Kf8 46. Kd3 Ke8 47. Nc4 Nf7 48. Ne3 Ke7 49. Nf5+ Kf8 50. Kc4 Ke8 51. Kb3 Kd7 52. Ka4 Ke8 53. Ka5 Kd7 54. b5 axb5 55. Kxb5 Ke8 56. Kc4 Kf8 57. Kc3 Ke8 58. Kd3 Kf8 59. Ke3 Kg8 60. Kf3 Kh7 61. Ne3 Kg7 62. Nc4 Kf6 63. Na5 Nd8 64. Ke3 Kg7 65. Ke2 Kg8 66. Kf3 Kg7 67. Kg4 Kg6 68. h4 h5+ 69. Kf3 gxh4 70. gxh4 Kf6 71. Ke2 Ke7 72. Kd3 Kd7 73. Kd2 Ke7 74. Ke2 Kd7 75. Kf3 Ke7 76. Nc4 Nf7 77. Ne3 Nh6 78. Nf1 Ng4 79. Ng3 Nf6 80. Nf5+ Kd7 81. Ke3 Ng4+ 82. Ke2 Nf6 83. Kf3 Ng4 84. Ng7 Nf6 85. Ke3 1/2-1/2

[Event "Mercosur Cup 25th"]
[Site "Buenos Aires"]
[Date "2023.11.14"]
[Round "2"]
[White "Latorre Lopez Moreira, Luis Matias"]
[Black "Villanueva, Mario Nicolas"]
[Result "1/2-1/2"]
[WhiteElo "2320"]
[BlackElo "2460"]
[PlyCount "98"]
[EventDate "2023.11.13"]
[EventType "tourn"]
[EventRounds "9"]
[EventCountry "ARG"]
[EventCategory "7"]
[SourceTitle "EXT 2025"]
[Source "ChessBase"]
[SourceDate "2024.10.14"]
[SourceVersion "1"]
[SourceVersionDate "2024.10.14"]
[SourceQuality "1"]

1. d4 d5 2. c4 e6 3. Nc3 Nf6 4. Nf3 c5 5. cxd5 cxd4 6. Nxd4 Nxd5 7. g3 Nxc3 8. bxc3 Qd5 9. f3 Be7 10. Qb3 Qa5 11. Qb5+ Nc6 12. Qxa5 Nxa5 13. Nb3 Nc6 14. e4 Bd7 15. Be3 0-0 16. Nc5 Bxc5 17. Bxc5 Rfc8 18. Be2 Ne5 19. Bd4 Nc4 20. Bxc4 Rxc4 21. Ke2 f6 22. e5 Bc6 23. Kd3 Ra4 24. Rhe1 f5 25. Ke3 Bd5 26. a3 Rc8 27. Rf1 Rc6 28. Rf2 Kf7 29. Rb2 Rca6 30. Bc5 g5 31. Rb4 R4a5 32. Bd6 Kg6 33. a4 Bc6 34. h4 h6 35. hxg5 hxg5 36. f4 g4 37. Ra2 Kf7 38. c4 Rxa4 39. Raxa4 Rxa4 40. Rxa4 Bxa4 41. Bb8 a6 42. Kd4 Ke7 43. Kc5 Bb3 44. Bc7 Kd7 45. Kb6 Bxc4 46. Bd6 Bd5 47. Ba3 a5 48. Bd6 a4 49. Ba3 Be4 1/2-1/2

[Event "Villa Martelli ProAm op 30th"]
[Site "Villa Martelli"]
[Date "2023.10.06"]
[Round "7"]
[White "Pacheco, Daniel"]
[Black "Villanueva, Mario Nicolas"]
[Result "0-1"]
[WhiteElo "2228"]
[BlackElo "2468"]
[PlyCount "94"]
[EventDate "2023.10.01"]
[EventType "swiss"]
[EventRounds "9"]
[EventCountry "ARG"]
[SourceTitle "EXT 2025"]
[Source "ChessBase"]
[SourceDate "2024.10.14"]
[SourceVersion "1"]
[SourceVersionDate "2024.10.14"]
[SourceQuality "1"]

1. d4 d5 2. Nc3 Nf6 3. Bf4 e6 4. e3 Bb4 5. Nge2 0-0 6. a3 Be7 7. Ng3 c5 8. Bd3 Nc6 9. dxc5 Bxc5 10. 0-0 Be7 11. e4 d4 12. Nce2 e5 13. Bg5 Nd7 14. Bxe7 Nxe7 15. f4 exf4 16. Nxf4 Ne5 17. Qh5 f6 18. Nf5 N7g6 19. Ne2 Qb6 20. b4 Be6 21. Kh1 Rad8 22. g4 Rf7 23. g5 fxg5 24. Qxg5 Rdd7 25. Neg3 Qd8 26. Qh5 Rc7 27. Ne2 Bxf5 28. exf5 Qd5+ 29. Kg1 Nxd3 30. cxd3 Ne7 31. Ng3 Rc2 32. Qh3 Rf6 33. Rac1 Rh6 34. Rxc2 Rxh3 35. f6 Rxg3+ 36. hxg3 gxf6 37. Rf4 Qd6 38. Rg4+ Kf7 39. Rh2 Nf5 40. Rxh7+ Ke6 41. Kf2 Qc6 42. Re4+ Kd5 43. Kf3 Qc3 44. Rd7+ Nd6 45. Re8 Qxd3+ 46. Kg2 Qxa3 47. Red8 Qxb4 0-1